00843nam a22001577a 4500999001900000008004100019100003100060245006500091260004800156300003300204520026700237773004800504906001800552942000700570952010800577 c527475d527475240902b ||||| |||| 00| 0 eng d aBarik, Radhakanta 957672 aPublic health and education system in Odisha: A perspective  aMadhya Pradesh Journal of Social Sciences  a25(1), Jun, 2020: p.17-27  aOdisha was a backward state in terms of human development indicators viz, health and education. In the last two decades development initiatives have changed the health and education scenario in Odisha, due to private investments in these sectors. – Reproduced  aMadhya Pradesh Journal of Social Sciences  aPUBLIC HEALTH cAR 00102ddc40709402562aIIPAbIIPAd2024-09-02h25(1), Jun, 2020: p.17-27 pAR132916r2024-09-02yAR